| 000 | 02953nas a22002775i 4500 | ||
|---|---|---|---|
| 001 | 3091-390X | ||
| 003 | DE-He213 | ||
| 005 | 20260304140714.0 | ||
| 007 | cr nn 008mamaa | ||
| 008 | 250701s||||||||xxkuu poo|||||| b|EN |d | ||
| 022 | _a3091-390X | ||
| 024 | 7 |
_a44513 _2local |
|
| 210 | 1 | 0 | _anpj Palaeoecosystems |
| 245 | 1 | 0 |
_anpj Palaeoecosystems _h[electronic resource] / _cedited by Vivi Vajda, Yong-dong Wang, Sushant Patil. |
| 264 | 1 |
_aLondon : _bNature Publishing Group UK : _bImprint: Nature Portfolio. |
|
| 300 | _bonline resource. | ||
| 520 | _anpj Palaeoecosystems is an open access journal that considers research exploring all aspects of deep-time ecosystems in both marine and terrestrial realms. This journal aims to advance our understanding of the origins, biodiversity variation, and reconstruction of palaeoecosystems by exploring palaeobiology, palaeogeography, palaeoenvironment, stratigraphy, and other global aspects, including geodatabases, carbon cycle, and geological events, using multidisciplinary approaches. This journal covers a broad range of topics, which include, but are not limited to: • Palaeobiology, including palaeobotany and palynology, palaeo-invertebrate and palaeovertebrate zoology, palaeomicrobiology, and palaeobiodiversity. • Stratigraphy, including biostratigraphy, ecostratigraphy, chemostratigraphy, magnetostratigraphy, cyclostratigraphy, and chronostratigraphy as well as high-resolution archives for exploring ecosystem variations • Human origins and evolution primarily involve the study of ancient human fossils, associated strata and dating, fossil burial processes, and the ecological environments in which early humans lived. Methodologies used in this field include the analysis of ancient DNA, ancient proteins, and dietary composition. • Palaeogeography and palaeoenvironment, including sedimentology, geochemistry, palaeoclimate, and the cycling of carbon and other essential life elements • Ecosystem aspects of major geological events, such as terrestrial and marine mass extinction, global warming, anoxia and hypothermal events, wildfires, and volcanism activities • Macroevolution and macroecology, including sudden and long-term processes, relationships between palaeobiodiversity, disparity, and function, ecosystem evolution and stability in times of crisis and in normal times • Ecosystem reconstruction in both deep and modern times, as a catalogue for habitable Earth. | ||
| 650 | 0 | _aPaleoecology. | |
| 650 | 1 | 4 | _aPaleoecology. |
| 700 | 1 |
_aVajda, Vivi. _eeditor. _4edt _4http://id.loc.gov/vocabulary/relators/edt _924186 |
|
| 700 | 1 |
_aWang, Yong-dong. _eeditor. _4edt _4http://id.loc.gov/vocabulary/relators/edt _924187 |
|
| 700 | 1 |
_aPatil, Sushant. _eeditor. _4edt _4http://id.loc.gov/vocabulary/relators/edt _921438 |
|
| 710 | 2 | _aSpringerLink (Online service) | |
| 856 | 4 | 0 |
_uhttps://www.nature.com/npjpalaeo _zOpen Access |
| 999 |
_c579116 _d579116 |
||